书目信息 |
| 题名: |
概率统计教程
|
|
| 作者: | 邢家省 , 马健 , 刘明菊 编著 | |
| 分册: | ||
| 出版信息: | 北京 机械工业出版社 2019.06 |
|
| 页数: | 344页 | |
| 开本: | 24cm | |
| 丛书名: | 名校名家基础学科系列 | |
| 单 册: | ||
| 中图分类: | O211 | |
| 科图分类: | ||
| 主题词: | 概率统计--gai lv tong ji--教材 | |
| 电子资源: | ||
| ISBN: | 978-7-111-62345-8 | |
| 000 | 01159nam 2200313 450 | |
| 001 | 202019135534 | |
| 005 | 20191007123107.0 | |
| 010 | @a978-7-111-62345-8@dCNY49.80 | |
| 100 | @a20191004d2019 em y0chiy50 ea | |
| 101 | 0 | @achi |
| 102 | @aCN@b110000 | |
| 105 | @aak a 000yy | |
| 106 | @ar | |
| 200 | 1 | @a概率统计教程@Agai lv tong ji jiao cheng@f邢家省, 马健, 刘明菊编著 |
| 205 | @a第2版 | |
| 210 | @a北京@c机械工业出版社@d2019.06 | |
| 215 | @a344页@c图@d24cm | |
| 225 | 2 | @a名校名家基础学科系列@Aming xiao ming jia ji chu xue ke xi lie |
| 300 | @a“十三五”国家重点出版物出版规划项目 | |
| 320 | @a有书目 (第344页) | |
| 330 | @a本书内容包括随机事件的概率、随机变量及其分布、二维随机变量、随机变量的函数的分布、随机变量的数字特征、大数定律和中心极限定理、统计总体与样本、参数估计、假设检验、随机过程的基本概念、平稳过程、马尔可夫链引论。 | |
| 410 | 0 | @12001 @a名校名家基础学科系列 |
| 606 | 0 | @a概率统计@Agai lv tong ji@j教材 |
| 690 | @aO211@v5 | |
| 701 | 0 | @a邢家省@Axing jia sheng@4编著 |
| 701 | 0 | @a马健@Ama jian@4编著 |
| 701 | 0 | @a刘明菊@Aliu ming ju@4编著 |
| 801 | 0 | @aCN@c20190905 |
| 905 | @a河南城建学院图书馆@dO211@eX609=2 | |
| 概率统计教程/邢家省, 马健, 刘明菊编著.-第2版.-北京:机械工业出版社,2019.06 |
| 344页:图;24cm.-(名校名家基础学科系列) |
| “十三五”国家重点出版物出版规划项目 |
| ISBN 978-7-111-62345-8:CNY49.80 |
| 本书内容包括随机事件的概率、随机变量及其分布、二维随机变量、随机变量的函数的分布、随机变量的数字特征、大数定律和中心极限定理、统计总体与样本、参数估计、假设检验、随机过程的基本概念、平稳过程、马尔可夫链引论。 |
| ● |
| 相关链接 |
|
|
|
正题名:概率统计教程
索取号:O211/X609=2
 
预约/预借
| 序号 | 登录号 | 条形码 | 馆藏地/架位号 | 状态 | 备注 |
| 1 | 1444421 | 214444216 | 自科库401/401自科库 47排5列2层/ [索取号:O211/X609=2] | 在馆 | |
| 2 | 1444422 | 214444225 | 自科库401/401自科库 47排5列2层/ [索取号:O211/X609=2] | 在馆 |